000 00471nam a2200145Ia 4500
008 231221s9999 xx 000 0 und d
041 _aEnglish
082 _a001.6424C DEI3
100 _aDeitel, P J. Deitel, H M.
245 0 _aC How to program : introducing C++ and OOP and game programming with the allegro C library
250 _a5th ed.
260 _c2007
_bPearson Education
_aNew Delhi
650 _aC,program,C++,OOP,game,programming,allegro,C
942 _cCD
999 _c209503
_d209503